The hoot reader : (Record no. 79361)

MARC details
000 -LEADER
fixed length control field 00755nam a22002177a 4500
005 - DATE AND TIME OF LATEST TRANSACTION
control field 20140214151926.0
010 ## - LCCN (DPL NO)
LC control number ENG-108533
020 ## - INTERNATIONAL STANDARD BOOK NUMBER
International Standard Book Number 9780198089186
Terms of availability 650.00
035 ## - SYSTEM CONTROL NUMBER
System control number EN-92066
037 ## - SOURCE OF ACQUISITION
Source of stock number/acquisition DBAD/PUB
082 ## - DEWEY DECIMAL CLASSIFICATION NUMBER
Classification number 302.230954
245 ## - TITLE STATEMENT
Title The hoot reader :
Remainder of title media practice in twenty- first century india /
Statement of responsibility, etc edited by Sevanti Ninan [and] Subarno Chttarji
260 ## - PUBLICATION, DISTRIBUTION, ETC. (IMPRINT)
Place of publication, distribution, etc New Delhi
Name of publisher, distributor, etc Oxford University Press
Date of publication, distribution, etc 2013
270 ## - ADDRESS
Address YMCA Library Building, 1 Jai Singh Road
City New Delhi
Postal code 110001
300 ## - PHYSICAL DESCRIPTION
Extent xx, 361p.
Dimensions 22cm (pbk)
500 ## - GENERAL NOTE
General note Includes bibliographical references and index.
650 ## - SUBJECT ADDED ENTRY--TOPICAL TERM
Topical term or geographic name as entry element Mass media
Geographic subdivision India.
700 ## - ADDED ENTRY--PERSONAL NAME
Personal name Ninan, Sevanti
700 ## - ADDED ENTRY--PERSONAL NAME
Personal name Chattarji, Subarno
942 ## - ADDED ENTRY ELEMENTS (KOHA)
Source of classification or shelving scheme Dewey Decimal Classification
Item type English Books
Call number suffix HOO
Classification part 302.230954
Holdings
Withdrawn status Lost status Not for loan Collection code Home library Current library Date acquired Source of acquisition Cost, normal purchase price Full call number Barcode Copy number Cost, replacement price Koha item type
    Not For Loan Non-fiction D.B.Act.Division D.B.Act.Division 13/09/2013 DBAD/PUB 650.00 302.230954 HOO EN-92066 1 650.00 English Books

© Delhi Public Library
Hit Counter
free hit counter